| 000 | 00404 a2200133 4500 | ||
|---|---|---|---|
| 001 | 90440 | ||
| 082 | _aPR 925 | ||
| 090 |
_c42772 _d42772 |
||
| 100 | _aAmjad Mahmud | ||
| 245 |
_aDesign of jigs and fixtures and disassembly reassembly sequence for shifting of subsonic wind tunnel _nG-24 |
||
| 260 |
_aKarachi _bNED University _c1988 |
||
| 300 |
_aviii, 73 p. _bhand written |
||
| 500 | _aBE Project Reports | ||
| 942 |
_aCAE NUST _kPR 925 |
||
| 999 |
_c325513 _d325513 |
||